00730nam a2200217Ia 4500003000900000008004100009020001800050040001600068080001900084245010000103260003400203300001500237650003000252650003100282700002700313700002800340700002700368942000700395999001500402952009500417IN-BaIIA211028s9999 xx 000 0 eng d a0-540-07092-3 cIIA Library a524.3-852bPRO 0aProblems in stellar atmospheres and envelopescedited by B. Baschek, W. H. Kegel and G. Traving aBerlinbSpringer-Verlagc1975 axix, 375p. a Stellar envelopes98596 aStellar atmosphere 98597 aBaschek, B., ed.98598 aKegel, W. H., ed.98599 aTraving, G., ed.98600 cBK c4827d4827 00104070aBANbBANcGENd1976-03-23l0o524.3-852/ PROp5402r2021-11-05w1976-03-23yBK